000 01578nam a2200325uu 4500
001 1580081
005 20260508094811.0
007 co|||||||
008 230127s2015 spa
035 _a1580081
040 _ccomduadb
041 _aspa
082 4 _a658
100 1 0 _aRamírez G., John Alexander
_4aut
_eaut
_9807743
245 1 0 _aOptimización de volúmenes de carga en camiones para pedidos en una empresa multicanal (retail y venta directa) - Leonisa S.A.
260 _aEl Carmen de Viboral :
_bAutores (as),
_c2015.
300 _a1 CD-ROM
520 3 _aRESUMEN : Este estudio propone una metofdología para optimizar el volumen de carga en camiones para pedidos en una empresa multicanal (retail y venta directa) Colombiana, con dimensiones definidas a los destinos finales de las ciudades de Santa Marta y Sincelejo compartiendo la carga entre los canales de venta directa y retail. A través del algoritmo matemático de búsqueda Greddy, y el uso del software Cube iq 5.0.1.58 se impactó prositivamente el costo de distribución de la carga de ambos canales.
650 _aContenedores
_95872
650 _aOptimización
_934739
650 7 _aAlgoritmos
_2lemb
_92325
700 1 0 _aSalazar A., Diego Fernando
_4aut
_eaut
_9810797
700 1 0 _aGonzález H., Juan David
_4aut
_eaut
_9807744
700 1 0 _aPérez M., Diego Fernando
_4aut
_eaut
_9812055
700 1 0 _aÁlvarez Uribe, Karla Cristina
_4ths
_eths
_9613462
700 1 0 _aVillada Oquendo, Juan Gabriel
_4ths
_eths
_9707233
942 _cTESIS
999 _c846957
_d846957
502 _b193
_c17
526 _a195